Modern Science Teaching / (Record no. 128093)

MARC details
000 -LEADER
fixed length control field 00707nam a22002297a 4500
005 - DATE AND TIME OF LATEST TRANSACTION
control field 20170124110034.0
010 ## - LIBRARY OF CONGRESS CONTROL NUMBER
LC control number A-408938
020 ## - INTERNATIONAL STANDARD BOOK NUMBER
Terms of availability 22.50
035 ## - SYSTEM CONTROL NUMBER
System control number A-408938
037 ## - SOURCE OF ACQUISITION
Source of stock number/acquisition Cen Lib/Ret
040 ## - CATALOGING SOURCE
Original cataloging agency DPL
Language of cataloging EN
082 ## - DEWEY DECIMAL CLASSIFICATION NUMBER
Classification number 372.35
Item number SHA
100 ## - MAIN ENTRY--PERSONAL NAME
Personal name Sharma, R. C
9 (RLIN) 22382
245 ## - TITLE STATEMENT
Title Modern Science Teaching /
Statement of responsibility, etc by R. C. Sharma
260 ## - PUBLICATION, DISTRIBUTION, ETC. (IMPRINT)
Place of publication, distribution, etc Delhi
Name of publisher, distributor, etc Dhanpat Rai and Sons
270 ## - ADDRESS
Address 1682, Nai Sarak
City Delhi
Postal code 110006
300 ## - PHYSICAL DESCRIPTION
Extent ix,400p. :
Dimensions 20cm(Hb)
Other physical details ill.
500 ## - GENERAL NOTE
General note Includes reference and index
650 ## - SUBJECT ADDED ENTRY--TOPICAL TERM
Topical term or geographic name as entry element Science--Study and teaching (Elementary)
9 (RLIN) 8927
650 ## - SUBJECT ADDED ENTRY--TOPICAL TERM
Topical term or geographic name as entry element Physical sciences--Study and teaching (Elementary)
9 (RLIN) 22383
942 ## - ADDED ENTRY ELEMENTS (KOHA)
Source of classification or shelving scheme Dewey Decimal Classification
Koha item type English Books
Classification part 372.35
Call number suffix SHA
Holdings
Withdrawn status Lost status Damaged status Not for loan Home library Current library Date acquired Source of acquisition Cost, normal purchase price Total Checkouts Total Renewals Full call number Barcode Date last seen Date checked out Copy number Cost, replacement price Price effective from Koha item type Public note
Written off       Central Library Central Library 01/07/2015 Cen Lib/Ret 22.50 1 1 372.35 SHA A-408938 20/04/2019 20/03/2019 1 22.50 01/07/2015 English Books Written off on approval by DLB (By Circulation); dtd 15-06-2023

© Delhi Public Library
Hit Counter
free hit counter